Statistics for Generator Puzzle #51A

Click here to take the quiz!

General Stats

  • This quiz has been taken 120 times
  • The average score is 11 of 21

Answer Stats

Answer% Correct
Alexander was thisgreat
93%
Bond, James Bond, was oneagent
86%
period of a king's rulereign
83%
look at fixedlystare
81%
singer named after what wasps doSting
79%
beautiful woman luring sailors to shipwrecksiren
75%
famous UK newspaperTimes
70%
kitchen stove; group of mountainsrange
69%
Germans drink beer from thisstein
68%
really angryirate
58%
peculiar, unusualstrange
57%
any article of clothinggarment
52%
spire of a mosqueminaret
48%
small map within a larger
one to show extra detail
inset
40%
what the Queen says after
she knights you
arise
39%
strong annoyance at a perceived wronganger
27%
French-speaking countryNiger
26%
9-letter wordEMIGRANTS
24%
strong Greek wineretsina
23%
tract of land given by governmentgrant
17%
feeling of dread or anguishangst
14%

Score Distribution

Percentile by Number Answered

Percent of People with Each Score

Your Score History

You have not taken this quiz